000 00848nam a2200169 a 4500
008 080226s1995 ||||||||||||||||| || u
050 _aIBRD(08)DP
245 0 0 _aAfrica's experience with structural adjustment: proceedings of the harare seminar, May 23-24, 1994
_cEdited by Kapoor, Kapil
260 _aWashington, D. C.
_bWorld Bank
_c1995
300 _avii, 142p. :ill.
350 _a0.00
490 _aWorld Bank Discussion Papers
650 _aSTRUCTURAL ADJUSTMENT (ECONOMIC POLICY)--AFRICA
650 0 _aECONOMICS
995 _aSPECIAL COLLECTIONS
_D0.00
_e024319
_FCBU-MAIN LIBRARY (Kitwe)
_H1
_I0.00
_jIBRD(08)DP/288A
_M1
_UAVAILABLE
_WFeb 26, 2008
_y024319
_ZInternational Publications
995 _aSPECIAL COLLECTIONS
_D0.00
_e028216
_FCBU-MAIN LIBRARY (Kitwe)
_H1
_I0.00
_jIBRD(08)DP/288B
_M1
_UAVAILABLE
_WFeb 26, 2008
_y028216
_ZInternational Publications
999 _c83826
_d83826